Queen Kappaleita - Äkkikuolema - Statistics

Yleistilastot
  • Tätä visaa on pelattu 112 kertaa
  • Keskiarvotulos 11 / 20
Answers on the Grid
Answers color-coded by a green-red scale on the quiz's grid according to % correct below.
A Kind Of Magic
All The King's Men
Another One Bites The Dust
Babooshka
Bicycle Race
Bohemian Rhapsody
Crazy Little Thing Called Love
Dancing Queen
Don't Stop Me Now
Double Vision
Fat Bottomed Girls
Flash
Foxy Lady
I Want It All
I Want To Break Free
Keep Yourself Alive
Killer Queen
Life On Mercury
Money
Pinball Wizard
Radio Ga Ga
Rocket Man
Somebody To Love
The Girl Is Mine
The Show Must Go On
There Can Be Only One
Under Pressure
We Are The Champions
We Will Rock You
Who Wants To Live Forever
Whole Lotte Love
You're My Best Friend
Zanzibar
 
Vastaustilastot
Vastaus % Oikein
Bohemian Rhapsody
92%
Another One Bites The Dust
81%
The Show Must Go On
77%
We Are The Champions
76%
We Will Rock You
75%
Don't Stop Me Now
73%
I Want To Break Free
72%
Radio Ga Ga
65%
I Want It All
60%
A Kind Of Magic
53%
Killer Queen
53%
Who Wants To Live Forever
48%
Crazy Little Thing Called Love
47%
Bicycle Race
45%
Somebody To Love
45%
Under Pressure
45%
Fat Bottomed Girls
28%
You're My Best Friend
24%
Keep Yourself Alive
20%
Flash
13%
Ehtoja vastaavia visoja ei löytynyt
Tulosjakauma
Jokaisen tuloksen saaneiden osuus
Persentiili vastausten määrän mukaan
Tuloshistoriasi
Et ole pelannut tätä visaa